000 00747nam a2200241 a 4500
001 50270
003 BD-RjUL
005 20211209075501.0
008 160824s1962 xx a 001 0 eng d
035 _a(BD-RjUL)50390
040 _aNLM
_cNLM
_dUKM
_dBD-RjUL
_beng
041 _aeng
082 0 4 _a613.7
_223
_bREG 1962
100 1 _aReid, M. M.
_9150663
245 1 0 _aGirls' physical education in the tropics :
_ba book of gymnastic tables for secondary schools /
_cM. M. Reid and J. Goldsmith.
260 _aLondon :
_bAllen & Unwin,
_cc1962
300 _a103 p. :
_bill. ;
_c21 cm.
500 _aIncludes index.
650 2 _aGymnastics.
_9150664
650 2 _aTropical Climate.
_9150665
700 1 _aGoldsmith, Jill.
_9150666
942 _2ddc
_cBK
999 _c50270
_d50270